000 00232nam a22001097a 4500
003 SGT
082 _a346.540436,BAR
100 _aBARE,ACT
245 _aTRANSFER OF PROPERTY ACT,1882
260 _aNEW DELHI
_b2015
942 _2ddc
_cBK
_05
999 _c11994
_d11994